01229nam a2200277 a 4500001001000000005001700010041000800027044000800035084002000043100003800063245014900101260003200250300002400282500004500306500015400351500010100505500003700606500001000643546002400653650005200677650005600729650003400785650004500819700003700864740005000901BRCA_346220190320204308.0 aeng aenk a751b.F47c17051 aFernández de Avellaneda, Alonso10aA Continuation of the Comical History of the most Ingenious Knight Don Quixote De la Manchacby the Licenciate Alonzo Fernández de Avellaneda. aLondresbJeffery Walec1705 a437 p.bil.c19 cm. aContenido : Dedicatoria. Prefacio. Texto aEdición : Being a third volume ; never before Printed in English ; Illustrated with several curious Copper Cuts. Translated by Captain John Stevens aTraducción inglesa de la continuación de Avellaneda, hecha por Jonh Stevens Lúdovik Osterc aCon ex-libris de : Francis Longe aQMB83 aTexto en : inglés14aNovela españolayÉpoca clásica, 1500-170014aLiteratura españolayÉpoca clásica, 1500-170014aNovela españolaySiglo XVII14aDon Quijote (Personaje ficticio)eNovela1 aStevens, Johnd?-1726eTraductor0 aEl Ingenioso Hidalgo Don Quijote de la Mancha